Dangerous Drugs (Special Preventive Measures) Act 1985 & Akta Dadah Berbahaya (Langkah-langkah Pencegahan Khas) 1985 : (Record no. 106454)
[ view plain ]
| 000 -LEADER | |
|---|---|
| fixed length control field | 01445nam a22003134a 4500 |
| 001 - CONTROL NUMBER | |
| control field | vtls003124947 |
| 003 - CONTROL NUMBER IDENTIFIER | |
| control field | MY-SjTCS |
| 005 - DATE AND TIME OF LATEST TRANSACTION | |
| control field | 20200226113300.0 |
| 008 - FIXED-LENGTH DATA ELEMENTS--GENERAL INFORMATION | |
| fixed length control field | 081010s1985 my l 000 0 eng |
| 039 #9 - LEVEL OF BIBLIOGRAPHIC CONTROL AND CODING DETAIL [OBSOLETE] | |
| Level of rules in bibliographic description | 201203131123 |
| Level of effort used to assign nonsubject heading access points | stazrina |
| Level of effort used to assign subject headings | 200812021819 |
| Level of effort used to assign classification | suankui |
| Level of effort used to assign subject headings | 200810101657 |
| Level of effort used to assign classification | shuhada |
| -- | 200810101653 |
| -- | shuhada |
| 043 ## - GEOGRAPHIC AREA CODE | |
| Geographic area code | a-my--- |
| 082 04 - DEWEY DECIMAL CLASSIFICATION NUMBER | |
| Classification number | 362.2917 |
| Item number | MAL |
| 099 ## - LOCAL FREE-TEXT CALL NUMBER (OCLC) | |
| Classification number | MALAYSIANA |
| Feature heading | 362.2917 |
| 110 1# - MAIN ENTRY--CORPORATE NAME | |
| Corporate name or jurisdiction name as entry element | Malaysia. |
| 9 (RLIN) | 3613 |
| 240 10 - UNIFORM TITLE | |
| Uniform title | Dangerous Drugs (Special Preventive Measures) Act 1985 |
| Language of a work | English & Malay |
| 245 10 - TITLE STATEMENT | |
| Title | Dangerous Drugs (Special Preventive Measures) Act 1985 & Akta Dadah Berbahaya (Langkah-langkah Pencegahan Khas) 1985 : |
| Remainder of title | as at 1st September 1985 / |
| Statement of responsibility, etc. | general editor; Hamid Ibrahim, editor; Nasser Hamid, compiled by; Yap Thiam Huat. |
| 246 30 - VARYING FORM OF TITLE | |
| Title proper/short title | Akta Dadah Berbahaya (Langkah-langkah Pencegahan Khas) 1985 |
| 260 ## - PUBLICATION, DISTRIBUTION, ETC. | |
| Place of publication, distribution, etc. | Kuala Lumpur : |
| Name of publisher, distributor, etc. | Malaysian Law Publishers, |
| Date of publication, distribution, etc. | 1985. |
| 300 ## - PHYSICAL DESCRIPTION | |
| Extent | 20 p. ; |
| Dimensions | 25 cm. |
| 505 0# - FORMATTED CONTENTS NOTE | |
| Formatted contents note | 1. Dangerous drugs (special preventive measures) Act 1985 - 2. Akta dadah berbahaya (langkah-langkah pencegahan khas) 1985. |
| 546 ## - LANGUAGE NOTE | |
| Language note | Text in English and Malay. |
| 650 #0 - SUBJECT ADDED ENTRY--TOPICAL TERM | |
| Topical term or geographic name entry element | Preventive detention |
| Geographic subdivision | Malaysia. |
| 9 (RLIN) | 30829 |
| 650 #0 - SUBJECT ADDED ENTRY--TOPICAL TERM | |
| Topical term or geographic name entry element | Drugs of abuse |
| General subdivision | Law and legislation |
| Geographic subdivision | Malaysia |
| General subdivision | Criminal provisions. |
| 9 (RLIN) | 30830 |
| 650 #0 - SUBJECT ADDED ENTRY--TOPICAL TERM | |
| Topical term or geographic name entry element | Narcotic laws |
| Geographic subdivision | Malaysia. |
| 9 (RLIN) | 30831 |
| 700 0# - ADDED ENTRY--PERSONAL NAME | |
| Personal name | Hamid Ibrahim. |
| 9 (RLIN) | 30832 |
| 700 0# - ADDED ENTRY--PERSONAL NAME | |
| Personal name | Nasser Hamid. |
| 9 (RLIN) | 30806 |
| 700 0# - ADDED ENTRY--PERSONAL NAME | |
| Personal name | Yap, Thiam Huat. |
| 9 (RLIN) | 30833 |
| 920 ## - Programme | |
| Programme | SHT : 620872 |
| Withdrawn status | Lost status | Source of classification or shelving scheme | Damaged status | Not for loan | Collection code | Home library | Current library | Date acquired | Total Checkouts | Barcode | Date last seen | Date last checked out | Copy number | Koha item type | Public note |
|---|---|---|---|---|---|---|---|---|---|---|---|---|---|---|---|
| Dewey Decimal Classification | Please fill up online form at https://taylorslibrary.taylors.edu.my/services/external_storage1 | Taylor's Library-TU | TU External Storage-Block E | 14/10/2008 | 1000811040 | 05/12/2019 | 27/01/2010 | 1 | Main Collection | SHTEx,30004,05,GR,MAL |